01426naa a2200157 a 450000100080000000500110000800800410001910000170006024501250007726000090020252008670021165300260107865300190110465300260112377301190114911205712014-04-11 2006 bl uuuu u00u1 u #d1 aMELLO, M. A. aGlobaliza????o e desenvolvimento ruralbuma an??lise a partir do caso do Oeste de Santa Catarina.h[electronic resource] c2006 aEste trabalho tem o objetivo de analisar e compreender o processo de globaliza????o, as rela????es internacionais decorrentes e seus reflexos no sistema agroalimentar, de forma geral, bem como as implica????es para a agricultura familiar e a din??mica dos processos de desenvolvimento rural do Oeste de Santa Catarina. Para alcan??ar o objetivo proposto pretende-se cotejar algumas elabora????es te??ricas que buscam dar conta da reestrutura????o da agricultura a partir da perspectiva te??rica da globaliza????o da economia e dos sistemas agroalimentares e, utilizando este marco te??rico, interpretar como a intera????o do local com o ??mbito mais geral da economia pode facilitar ou constranger as estrat??gias de desenvolvimento rural e as possibilidades da agricultura familiar do Oeste de Santa Catarina se inserir dinamicamente nos mercados globalizados. aDesenvolvimento rural aGlobaliza????o aSistema agroalimentar tIn: SEMIN??RIO DE ECONOMIA E AGRICULTURA, 2., 2006, Porto Alegre, RS. Anais... Porto Alegre, RS: UFRGS/PGDR, 2006.